| 000 | 00417nam a22001217a 4500 | ||
|---|---|---|---|
| 082 |
_a297.1227 _bASR |
||
| 100 |
_aAsri, Mulana Muhammad Rafiq _951045 |
||
| 245 |
_aمنھاج المسلم _bتمام شعبہ ہائے زندگی سے متعلق قرآن و سنت کی تعلیمات |
||
| 260 |
_aRiaz, _bDaras salam, _c2000. |
||
| 300 |
_a788p. _c24cm. |
||
| 526 |
_a0 _b0 _c0 _d297_122700000000000_ASR |
||
| 942 |
_2ddc _cBK |
||
| 999 |
_c553786 _d553786 |
||